Statistiques concernant Les pays qui se terminent par BIE - une minute sprint

Cliquez ici pour prendre le quiz!

Statistiques générales

  • Ce quiz a été pris 176 fois
  • Le résultat moyen est 3 sur 5

Statistiques - réponses

pays% Correct
Colombie
68%
Namibie
64%
Serbie
64%
Gambie
58%
Zambie
53%

Distribution des résultats

Percentile par nombre de réponses

% des personnes avec chaque résultat

Votre développement - résultats

Vous n’avez pas pris ce quiz